Normal view MARC view
  • Veldman, Donald J.

Entry Personal Name

Number of records used in: 1

001 - CONTROL NUMBER

  • control field: 113475

003 - CONTROL NUMBER IDENTIFIER

  • control field: NUST

005 - DATE AND TIME OF LATEST TRANSACTION

  • control field: 20230710111014.0

008 - FIXED-LENGTH DATA ELEMENTS

  • fixed length control field: 230710|| aca||aabn | a|a d

040 ## - CATALOGING SOURCE

  • Original cataloging agency: NUST
  • Transcribing agency: NUST

100 ## - HEADING--PERSONAL NAME

  • Personal name: Veldman, Donald J.

670 ## - SOURCE DATA FOUND

  • Source citation: Work cat.: (NUST)193593: Young, Robert K. 113472, Introductory statistics for the behavioral sciences /, c1977.
© 2023 Central Library, National University of Sciences and Technology. All Rights Reserved.